Great expectations (Record no. 111144)
[ view plain ]
| 000 -LEADER | |
|---|---|
| fixed length control field | 01212cam a22001935a 4500 |
| 001 - CONTROL NUMBER | |
| control field | L151087 |
| 008 - FIXED-LENGTH DATA ELEMENTS--GENERAL INFORMATION | |
| fixed length control field | 100929s2010 xxk f 000 0 eng d |
| 035 ## - SYSTEM CONTROL NUMBER | |
| System control number | (Sirsi) u151087 |
| 041 0# - LANGUAGE CODE | |
| Language code of text/sound track or separate title | eng |
| 110 2# - MAIN ENTRY--CORPORATE NAME | |
| Corporate name or jurisdiction name as entry element | UK Environmental Law Association |
| 9 (RLIN) | 4006 |
| 245 00 - TITLE STATEMENT | |
| Title | Great expectations |
| Remainder of title | the cost of offshore wind in UK waters, understanding the past and projecting the future |
| Medium | [electronic resource] |
| 260 ## - PUBLICATION, DISTRIBUTION, ETC. | |
| Place of publication, distribution, etc. | London |
| Name of publisher, distributor, etc. | UK Energy Research Centre |
| Date of publication, distribution, etc. | 2010 |
| 520 ## - SUMMARY, ETC. | |
| Summary, etc. | UK faces significant challenges in meeting its renewable energy targets for 2020. Costs for offshore wind farms have risen dramatically over the last 10 years due to supply chain shortages in addition to commodity and currency price movements. Suggests ways in which costs can come down in the future including the government giving more support to technological innovation and revising the system of premium payments currently delivered through the Renewables Obligation. |
| 590 ## - LOCAL NOTE (RLIN) | |
| Local note | KA NTK |
| 651 #4 - SUBJECT ADDED ENTRY--GEOGRAPHIC NAME | |
| Geographic name | ENGLAND AND WALES |
| 690 ## - LOCAL SUBJECT ADDED ENTRY--TOPICAL TERM (OCLC, RLIN) | |
| Topical term or geographic name as entry element | ENVIRONMENTAL AND LAND CONSULTANCY-ENERGY-RENEWABLE ENERGY |
| 856 40 - ELECTRONIC LOCATION AND ACCESS | |
| Uniform Resource Identifier | <a href="https://www.ukerc.ac.uk/support/tiki-download_file.php?fileId=1112">https://www.ukerc.ac.uk/support/tiki-download_file.php?fileId=1112</a> |
| Public note | View the item free of charge at www.ukerc.ac.uk |
| 942 ## - ADDED ENTRY ELEMENTS (KOHA) | |
| Suppress in OPAC | 0 |
| Withdrawn status | Lost status | Source of classification or shelving scheme | Damaged status | Not for loan | Home library | Current library | Shelving location | Date acquired | Total Checkouts | Full call number | Barcode | Date last seen | Copy number | Price effective from | Koha item type |
|---|---|---|---|---|---|---|---|---|---|---|---|---|---|---|---|
| Dewey Decimal Classification | Virtual | Virtual | Online | 29/09/2010 | ONLINE PUBLICATION | 151087-2001 | 06/08/2019 | 1 | 06/08/2019 | Book |